000 00393nam a2200169Ia 4500
005 20250423100957.0
008 250422s9999 xx 000 0 und d
020 _a9789351110385
050 _aQC 451 .P36/
100 _aPanwar, Hemant
245 0 _aSpectroscopy
260 _aNew Delhi
260 _bRamdom Publications
260 _c2013
650 _aSpectrum analysis.
942 _cBK
999 _c34917
_d34917